El aborto provocado /

Uloženo v:
Podrobná bibliografie
Korporativní autor: Iglesia Católica. Congregación para la Doctrina de la Fe
Médium: Kniha
Jazyk:španělština
Vydáno: México : Ediciones Paulinas, 2003, c1974
Tagy: Přidat tag
Žádné tagy, Buďte první, kdo vytvoří štítek k tomuto záznamu!

MARC

LEADER 00000nam^a2200000^a^4500
001 000575420
005 20250521000000.0
009 20260310132407.581
020 |a 970-612-258-3 
037 |a Acervo ITESO - Biblioteca 
041 |a ESP 
091 |a FGM. 05428 
110 |a Iglesia Católica.  |b Congregación para la Doctrina de la Fe 
245 1 3 |a El aborto provocado / 
264 4 |a México :  |b Ediciones Paulinas,  |c 2003, c1974 
300 |a 30 p. 
336 |a texto  |b txt  |2 rdacontenido 
337 |a sin mediación  |b n  |2 rdamedio 
338 |a volumen  |b nc  |2 rdasoporte 
649 |a XX 
910 |a Fondo Efraín González Morfín 
920 |a Impresos - Libros 
930 |a Fondos Especiales 
905 |a 130 
901 |a 0500392076  |b IT2  |c ESL  |i D94124  |u 20250521 
902 |a https://opac.biblio.iteso.mx/vufind/Record/000575420